Greater Anglia Railway Stations Quiz Stats

 Plays Quiz not verified by Sporcle

Challenge
Share
Tweet
Embed
Score 0/171 Timer 20:00
0 Plays Today
% Correct
London Liverpool Street
92.1%
Stratford
89.1%
Norwich
89.1%
Ipswich
87.6%
Cambridge
86.1%
Colchester
82.8%
Ely
82.8%
Shenfield
80.5%
Southend Victoria
80.1%
Chelmsford
80.1%
Great Yarmouth
80.1%
Romford
78.7%
Diss
76.4%
Clacton-on-Sea
76%
Lowestoft
75.7%
Maryland
74.9%
Stowmarket
74.9%
Ilford
74.2%
Brentwood
73.4%
Stansted Airport
73.4%
Colchester Town
73%
Braintree
72.7%
Manningtree
71.5%
Marks Tey
70.8%
Gidea Park
70%
Cromer
70%
Witham
69.7%
Harwich Town
69.7%
Forest Gate
68.2%
Harwich International
68.2%
Peterborough
68.2%
Upminster
67.8%
Southend Airport
67.8%
Ingatestone
67.8%
Bury St Edmunds
67.8%
Sudbury
67%
Thetford
67%
Southminster
66.7%
Felixstowe
66.7%
March
66.7%
Sheringham
66.3%
Tottenham Hale
65.9%
Seven Kings
64.8%
Braintree Freeport
64.8%
Harold Wood
64.4%
Billericay
64%
Bishops Stortford
63.7%
Bethnal Green
63.7%
Seven Sisters
63.7%
Harlow Town
62.9%
Hertford East
62.2%
Prittlewell
61.4%
Manor Park
61%
Oulton Broad South
60.7%
Stansted Mountfitchet
60.7%
Broxbourne
60.3%
Enfield Town
60.3%
% Correct
Oulton Broad North
59.9%
Needham Market
59.9%
Newmarket
59.6%
Harlow Mill
59.6%
Cheshunt
59.6%
Hatfield Peverel
59.2%
Saxmundham
59.2%
Frinton-on-Sea
58.8%
Audley End
58.8%
Thorpe-le-Soken
58.4%
Kelvedon
57.7%
Dovercourt
57.7%
Acle
57.7%
Goodmayes
57.3%
Chadwell Heath
57.3%
Enfield Lock
56.9%
Wymondham
56.6%
Rayleigh
56.2%
Chingford
56.2%
Walton-on-the-Naze
55.8%
Hackney Downs
55.1%
Derby Road
54.7%
Brundall
54.7%
Wickford
54.3%
Waterbeach
54.3%
Berney Arms
53.6%
Beccles
52.8%
Brundall Gardens
52.8%
Sawbridgeworth
52.8%
Cambridge Heath
52.8%
Bures
52.4%
Attleborough
52.4%
Mistley
52.1%
White Notley
51.3%
Chappel and Wakes Colne
51.3%
Turkey Street
51.3%
Woodbridge
50.9%
Westerfield
50.6%
Ware
50.6%
London Fields
50.6%
Whittlesea
50.2%
Trimley
49.8%
Reedham
49.8%
Brandon
49.8%
Northumberland Park
49.8%
White Hart Lane
49.8%
Roydon
49.4%
Walthamstow Central
49.4%
Emerson Park
49.1%
Burnham-on-Crouch
49.1%
Wivenhoe
49.1%
West Runton
49.1%
Hockley
48.3%
Ponders End
47.9%
Rochford
47.6%
Shippea Hill
47.6%
South Woodham Ferrers
46.8%
% Correct
Lakenheath
46.8%
Angel Road
46.8%
Wrabness
46.4%
Dullingham
46.1%
Clapton
46.1%
Cressing
45.7%
Waltham Cross
45.7%
Hythe
44.9%
Whittlesford Parkway
44.9%
St Margarets Essex
44.9%
North Walsham
43.4%
Alresford
43.1%
Great Bentley
43.1%
Wickham Market
42.7%
Darsham
42.7%
Hoveton and Wroxham
42.3%
Kennett
42.3%
Silver Street
42.3%
Weeley
41.9%
Melton
41.9%
Spooner Row
41.9%
Eccles Road
41.9%
Newport
41.6%
Elsenham
41.6%
Kirby Cross
41.2%
Halesworth
41.2%
Rye House
40.8%
Cantley
40.4%
Elmswell
40.1%
Brimsdown
40.1%
Thurston
39.7%
Salhouse
39.3%
Stoke Newington
39.3%
St James Street
38.2%
Edmonton Green
38.2%
Battlesbridge
37.8%
Shelford
37.8%
Brampton
37.5%
Harling Road
37.5%
Buckenham
36.7%
Gunton
36.7%
Rectory Road
36.7%
Southbury
36.7%
Haddiscoe
35.6%
Roughton Road
35.6%
Bruce Grove
35.2%
Lingwood
34.8%
Theobalds Grove
34.8%
Somerleyton
33.7%
Stamford Hill
33.3%
Bush Hill Park
33.3%
Great Chesterton
33%
Althorne
31.8%
Highams Park
31.5%
North Fambridge
30.7%
Wood Street
30%
Worstead
27.3%

You're not logged in!

Compare scores with friends on all Sporcle quizzes.
OR
Log In

You Might Also Like...

Show Comments

Extras

Top Quizzes Today


Score Distribution

Your Account Isn't Verified!

In order to create a playlist on Sporcle, you need to verify the email address you used during registration. Go to your Sporcle Settings to finish the process.

Report this User

Report this user for behavior that violates our Community Guidelines.

Details: